Alternative rock albums - Statistics

General Stats
  • This quiz has been taken 155 times
  • The average score is 7 of 15
Answer Stats
Hint Answer % Correct
Smells Like Teen Spirit, In Bloom, Lithium Nevermind
89%
Buddy Holly, Say it Ain't So, Undone (the Sweater Song) Weezer
82%
Even Flow, Alive, Jeremy Ten
77%
Basket Case, Longview, When I Come Around Dookie
72%
Under the Bridge, Give it Away, Suck My Kiss Blood Sugar Sex Magik
66%
Wonderwall, Champagne Supernova, Don't Look Back in Anger (What's the Story) Morning Glory?
58%
Zero, Bullet with Butterfly Wings, 1979 Mellon Collie and the Infinite Sadness
52%
Spoonman, Black Hole Sun, Fell on Black Days Superunknown
48%
What I Got, Santeria, Wrong Way Sublime
38%
Monkey Wrench, Everlong, My Hero The Colour and the Shape
38%
Self Esteem, Come Out and Play, Gotta Get Away Smash
34%
Sex Type Thing, Plush, Wicked Garden Core
31%
Spiderwebs, Don't Speak, Just a Girl Tragic Kingdom
23%
Glycerine, Machinehead, Comedown Sixteen Stone
20%
I Alone, Selling the Drama, All Over You Throwing Copper
14%
No matching quizzes found
Score Distribution
Percent of People with Each Score
Percentile by Number Answered
Your Score History
You have not taken this quiz